| 000 | 00440cam a2200169ua 4500 | ||
|---|---|---|---|
| 020 | _c36.00 | ||
| 041 |
_aeng _h |
||
| 082 |
_a631.56 _bCHA/PO |
||
| 100 | _aChakravarty, A . | ||
| 245 |
_aPost harvest technology of cereals and pulses / _cA Chakravarty. _hTextual Documents |
||
| 260 |
_aMumbai : _bOxford & IBH Book Company , _c1981. |
||
| 300 | _a332 ; . | ||
| 365 | _a36.00 | ||
| 504 | _a | ||
| 942 | _cBK | ||
| 999 |
_c9082 _d9082 |
||